| 000 | 00838amm a2200301 4500 | ||
|---|---|---|---|
| 008 | 090106s2009 o a cat d | ||
| 041 | _acat | ||
| 041 | _beng | ||
| 041 | _bfre | ||
| 041 | _bspa | ||
| 080 | _a796.42(038) | ||
| 110 |
_aTERMCAT _960609 |
||
| 245 |
_aDiccionari d'atletisme _h[en línia] _cTERMCAT, Centre de Terminologia |
||
| 260 |
_aBarcelona _bTERMCAT, Centre de Terminologia _c2009 |
||
| 490 | _aDiccionaris en Línia | ||
| 500 | _aCategoria gramatical, sinònims | ||
| 500 | _btermcat | ||
| 520 | _aaprox. 450 | ||
| 546 | _acatalà | ||
| 591 | _aATLET-E | ||
| 592 | _aObra terminològica | ||
| 593 | _aVCA | ||
| 650 |
_aatletisme _960777 |
||
| 830 |
_aDiccionaris en Línia _974364 |
||
| 856 | _uhttps://www.termcat.cat/ca/diccionaris-en-linia/19 | ||
| 901 | _ccop. <2009> | ||
| 942 |
_cMO _n0 _2ddc |
||
| 999 |
_c68456 _d68456 |
||